Iniciación a los fondos de pensiones : una guía práctica para la empresa / Saturnino Anfosso Borrell una guía práctica para la empresa / Saturnino Anfosso Borrell
ISBN:
84-234-0749-7
Descripción Física:
248 p. ; 23 cm
Materias:
Plans de pensions -- Espanya
MARC
| LEADER | 00000nam a2200000Ia 4500 | ||
|---|---|---|---|
| 001 | 10917 | ||
| 008 | 160829s9999 xx 000 0 cat d | ||
| 020 | |a 84-234-0749-7 | ||
| 080 | |a M-2-371 | ||
| 100 | |a Anfosso Borrell, Saturnino |9 23664 | ||
| 245 | |a Iniciación a los fondos de pensiones : |b una guía práctica para la empresa / Saturnino Anfosso Borrell | ||
| 260 | |a Madrid [etc.] : |b Deusto, DL 1988 | ||
| 300 | |a 248 p. ; |c 23 cm | ||
| 590 | |a Inclou legislació | ||
| 650 | |a Plans de pensions |x Espanya |9 23665 | ||
| 901 | |a Arxiu | ||
| 942 | |n 1 | ||
| 952 | |0 0 |1 0 |4 0 |6 M2371 |7 1 |9 42801 |a Arxiu |b Arxiu |d 2016-12-01 |l 0 |o M-2-371 |p 10917 |r 2016-12-01 00:00:00 |w 2016-12-01 |y ARXIU | ||
| 999 | |c 45307 |d 45307 | ||